000 00938cab a2200337 4500
001 ABS55483
008 090401t1996 xxu||||| |||| 00| 0 eng d
035 _a(Sirsi) u16846
041 _aeng
245 _aFocus `96: London Boroughs South
260 _c1996
350 _a0
490 _aEstates Gazette
_v(9627) 6 July 1996, 87-111(13)
650 _aCROYDON
650 _aDOCKLANDS
650 _aEMPTY OFFICES
650 _aGREENWICH
650 _aKINGSTON
650 _aMERTON
650 _aMILLENNIUM EXHIBITION
650 _aPROPERTY-COMMERCIAL PROPERTY-OFFICE PROPERTY-OFFICE PROPERTY MARKET
650 _aPROPERTY-COMMERCIAL PROPERTY-RETAIL PROPERTY-RETAIL PROPERTY MARKET
650 _aRICHMOND
650 _aSOUTH LONDON
650 _aSUTTON
650 _aVAUXHALL
650 _aWANDSWORTH
690 _aPROPERTY-COMMERCIAL PROPERTY-COMMERCIAL PROPERTY MARKET
942 _n0
948 _c04/03/1997
999 _c11149
_d11149